000
00320nam a2200133Ia 4500
005
20260328101511.0
008
260328s9999||||xx |||||||||||||| ||und||
100
_a
Ragon, Michel
245
0
_a
L' Urbanisme et la cité /
_c
Michel Ragon
260
_b
Hachette
300
_a
127 p.
650
_a
DISEÑO URBANO
942
_c
BK
999
_c
9205
_d
9205